000 00764nam a22001937a 4500
003 AM-YeHGA
040 _aAM-YeHGA
090 _c435750
005 20250617155459.0
008 190607s1959 ru ||||| |||| 00| 0 rus d
041 0 _arus
100 1 _aШефтель, Абрам Исаевич
245 1 0 _aЭнергетика :
_bКраткий обзор энергетики Тул. обл. /
_cА. И. Шефтель, канд. техн. наук
260 _aТула :
_bКн. изд-во,
_c1959.
300 _a30 с. :
_bил.;
_c20 см
440 0 _aТульская промышленность к XXI съезду КПСС. Научно-популярная б-чка
650 1 4 _aЭнергетика
_zТул. обл.
942 _2udc
_cBK
999 _c433147
_d433147